|
|
|
|
| LEADER |
00729cam a2200205 7i4500 |
| 001 |
0000003550 |
| 005 |
20170218090000.0 |
| 020 |
|
|
|a 0201612534 (hbk.)
|
| 020 |
|
|
|a 9780201612530
|
| 090 |
0 |
0 |
|a QA76.9.C643
|b C37 2001
|
| 100 |
1 |
|
|a Carpinelli, John D
|
| 245 |
1 |
0 |
|a Computer systems organization & architecture
|c John D. Carpinelli.
|
| 246 |
3 |
|
|a Computer systems organization and architecture.
|
| 260 |
|
|
|a Boston:
|b Addison-Wesley,
|c 2001.
|
| 300 |
|
|
|a xxiii, 584 p.:
|b ill.;
|c 24 cm.
|
| 500 |
|
|
|a Includes index
|
| 650 |
0 |
0 |
|a Computer organization
|
| 650 |
0 |
0 |
|a Computer architecture
|
| 997 |
|
|
|a Communication, Visual Art & Computing, Faculty
|b Computing, Department
|
| 999 |
|
|
|a 0000003300
|b BOK
|c OPEN SHELF
|e 2nd Floor, Bestari Jaya
|